00349 a2200133 4500003000400000005001700004008004100021020001700062040000900079082001500088100003200103245007000135300001000205OSt20240823121308.0231019b |||||||| |||| 00| 0 eng d a956266133301 coclc a297bPAT/I aPathiramanna, Muneer Hudawi aIBN ATHAILLAYUDE THATHWOPADESHANGAL /cMuneer Hudawi Pathiramanna a248 p